Implementation of motivational strategies in ESCA Incorporatied in Quezon City/ (Record no. 78050)

MARC details
000 -LEADER
fixed length control field 01468nam a22002657a 4500
003 - CONTROL NUMBER IDENTIFIER
control field URS
005 - DATE AND TIME OF LATEST TRANSACTION
control field 20240416200210.0
008 - FIXED-LENGTH DATA ELEMENTS--GENERAL INFORMATION
fixed length control field 240416b |||||||| |||| 00| 0 eng d
050 00 - LIBRARY OF CONGRESS CALL NUMBER
Classification number LG 221.R59 Im75
Item number 2015
100 1# - MAIN ENTRY--PERSONAL NAME
Personal name Atienza, Precious April C.
Relator term Researcher
245 10 - TITLE STATEMENT
Title <a href="Implementation of motivational strategies in ESCA Incorporatied in Quezon City/">Implementation of motivational strategies in ESCA Incorporatied in Quezon City/</a>
Statement of responsibility, etc Precious April C. Atienza [et....al]
260 #1 - PUBLICATION, DISTRIBUTION, ETC. (IMPRINT)
Date of publication, distribution, etc 2015
300 ## - PHYSICAL DESCRIPTION
Extent viii, 58 leaves,
Other physical details illustration,
Dimensions 28 cm
336 ## - CONTENT TYPE
Source text
Content type term rdacontent
337 ## - MEDIA TYPE
Source rdamedia
Media type term unmediated
338 ## - CARRIER TYPE
Source rdacarrier
Carrier type term volume
502 ## - DISSERTATION NOTE
Dissertation note Undergraduate Thesis<br/>
Degree type Bachelor of Science in Business Administration Major in Human Resources Development Management<br/>
Name of granting institution University of Rizal System, Rodriguez, Rizal<br/>
Year degree granted 2015
520 ## - SUMMARY, ETC.
Summary, etc This study aimed to identify the implementation of motivational strategies in ESCA Incorporated in Quezon City. It was conducted during the School Year 2015-2016. The respondents of the study were thirty (30) randomly selected employees from different job position in the company.<br/><br/>The study utilized descriptive method which is deemed most appropriate using questionnaire checklist as a data gathering instrument.
650 ## - SUBJECT ADDED ENTRY--TOPICAL TERM
Source of heading or term Implementation of motivational strategies in ESCA Incorporatied
700 ## - ADDED ENTRY--PERSONAL NAME
Personal name Cervantes, Jonelsa
Relator term Researcher
700 ## - ADDED ENTRY--PERSONAL NAME
Personal name Donor, Raymart B.
Relator term Researcher
700 ## - ADDED ENTRY--PERSONAL NAME
Personal name Oso, Kenia E.
Relator term Researcher
700 ## - ADDED ENTRY--PERSONAL NAME
Personal name Manioal, Maricel V.
Relator term Adviser
942 ## - ADDED ENTRY ELEMENTS (KOHA)
Source of classification or shelving scheme Library of Congress Classification
Koha item type Theses and dissertations
Holdings
Withdrawn status Source of classification or shelving scheme Damaged status Not for loan Home library Current library Shelving location Date acquired Total Checkouts Full call number Barcode Date last seen Copy number Price effective from Koha item type
  Library of Congress Classification   Not For Loan Rodriguez College Library Rodriguez College Library Undergraduate Theses 04/16/2024   LG 221.R59 Im75 2015 URSROD-UGT-HRDM-0600 04/16/2024 c1 04/16/2024 Theses and dissertations
  Library of Congress Classification   Not For Loan Rodriguez College Library Rodriguez College Library Undergraduate Theses 04/16/2024   LG 221.R59 Im75 2015 URSROD-UGT-HRDM-0601 04/16/2024 c2 04/16/2024 Theses and dissertations

University of Rizal System
Email us at univlibservices@urs.edu.ph

Visit our Website www.urs.edu.ph/library